[Event "Penang op-B 5th"]
[Site "Penang"]
[Date "2013.12.10"]
[Round "2"]
[White "Sunny, Lim Boon Liang"]
[Black "Roslan, Mohd Faizal"]
[Result "0-1"]
[WhiteElo "1528"]
[BlackElo "1846"]
[PlyCount "78"]
[EventDate "2013.12.09"]
[EventType "swiss"]
[EventRounds "9"]
[EventCountry "MAS"]
[SourceTitle "CBM 158 Extra"]
[Source "ChessBase"]
[SourceDate "2014.02.28"]
[SourceVersion "1"]
[SourceVersionDate "2014.02.28"]
[SourceQuality "1"]

1. e4 g6 2. Bc4 Bg7 3. d3 d6 4. Ne2 Nf6 5. h3 0-0 6. 0-0 c6 7. Bb3 a5 8. a3 Nbd7 9. Be3 Nc5 10. Bxc5 dxc5 11. Nd2 b5 12. Ba2 Ne8 13. Rb1 Nc7 14. Nf3 Be6 15. b3 b4 16. a4 Bd7 17. Nd2 e5 18. Nc4 Be6 19. f3 Qe7 20. Qc1 Rfd8 21. Qe3 Bxc4 22. bxc4 Ne6 23. Bb3 f5 24. Kh1 fxe4 25. fxe4 Rf8 26. Kg1 Bf6 27. Qg3 Nf4 28. Nxf4 exf4 29. Qf3 Bd4+ 30. Kh1 Qd6 31. Qe2 Rae8 32. Qg4 Kg7 33. Qf3 Re5 34. Rbe1 Qf6 35. Rd1 Rg5 36. Rfe1 Rg3 37. Qf1 Qh4 38. Kh2 f3 39. Qh1 fxg2 0-1